<?xml version="1.0" encoding="UTF-8"?>
<record
    xmlns:xsi="http://www.w3.org/2001/XMLSchema-instance"
    xsi:schemaLocation="http://www.loc.gov/MARC21/slim http://www.loc.gov/standards/marcxml/schema/MARC21slim.xsd"
    xmlns="http://www.loc.gov/MARC21/slim">

  <leader>00571nam a22001817a 4500</leader>
  <controlfield tag="003">0</controlfield>
  <controlfield tag="005">20160609170256.0</controlfield>
  <controlfield tag="008">101216t        xxu||||| |||| 00| 0 eng d</controlfield>
  <datafield tag="040" ind1=" " ind2=" ">
    <subfield code="a">BUAC</subfield>
    <subfield code="c">BEPAC</subfield>
  </datafield>
  <datafield tag="100" ind1=" " ind2=" ">
    <subfield code="a">Agbinoukoun, Am&#xE9;l&#xE9;vi S&#xE8;m&#xE8;vo</subfield>
    <subfield code="9">12672</subfield>
  </datafield>
  <datafield tag="130" ind1=" " ind2=" ">
    <subfield code="l">fr</subfield>
    <subfield code="9">12673</subfield>
  </datafield>
  <datafield tag="245" ind1=" " ind2=" ">
    <subfield code="a">Gestion des r&#xE9;ssources en eau (GRE) au B&#xE9;nin:Apport quantitatif du bassin du fleuve ou&#xE9;m&#xE9;</subfield>
  </datafield>
  <datafield tag="260" ind1=" " ind2=" ">
    <subfield code="a">Abomey-Calavi</subfield>
    <subfield code="b">EPAC-UAC</subfield>
    <subfield code="c">26.APE/AGB</subfield>
  </datafield>
  <datafield tag="300" ind1=" " ind2=" ">
    <subfield code="a">80p.</subfield>
  </datafield>
  <datafield tag="650" ind1=" " ind2=" ">
    <subfield code="a">RESSOURCE EN EAU</subfield>
    <subfield code="b">FLEUVE OUEME</subfield>
    <subfield code="9">12674</subfield>
  </datafield>
  <datafield tag="700" ind1=" " ind2=" ">
    <subfield code="a">Gbaguidi , Robert Fructueux</subfield>
    <subfield code="9">12675</subfield>
  </datafield>
  <datafield tag="942" ind1=" " ind2=" ">
    <subfield code="c">THE</subfield>
  </datafield>
  <datafield tag="999" ind1=" " ind2=" ">
    <subfield code="c">48633</subfield>
    <subfield code="d">48633</subfield>
  </datafield>
  <datafield tag="952" ind1=" " ind2=" ">
    <subfield code="0">0</subfield>
    <subfield code="1">0</subfield>
    <subfield code="4">0</subfield>
    <subfield code="7">0</subfield>
    <subfield code="a">BEPAC</subfield>
    <subfield code="b">BEPAC</subfield>
    <subfield code="d">2010-12-16</subfield>
    <subfield code="e">D&#xE9;pot l&#xE9;gal</subfield>
    <subfield code="l">0</subfield>
    <subfield code="o">26.APE/AGB</subfield>
    <subfield code="p">M16312EPAC</subfield>
    <subfield code="r">2010-12-16 00:00:00</subfield>
    <subfield code="t">1</subfield>
    <subfield code="w">2010-12-16</subfield>
    <subfield code="y">THE</subfield>
  </datafield>
</record>
